000 01217nam1a22003251 4500
001 v19\rc\1384885
005 20161007124746.9
035 _a(NLR Aleph) 004518967
090 _a4846617
_c4846617
100 _a20060512g18701871acdy0rusy50 ca
101 1 _arus
_cger
102 _aRU
105 _a| z |||f|
200 1 _aНародные сказки, собранные братьями Гриммами
_eв 2-х томах
_fперевод с нем. Софьи Снессоревой
210 _aС.-Петербург
_cИ.И. Глазунов
_d1870-1871
215 _a2 т.
_d19
620 _aRU
_dСанкт-Петербург
686 0 _aШ9(4Г)62-4
_2rubbk
700 1 _aГримм
_bЯ.
_f1785-1863
_gЯкоб
_3RU\NLR\AUTH\772021
_7ca
701 1 _aГримм
_bВ. К.
_f1786-1859
_gВильгельм Карл
_3RU\NLR\AUTH\772018
_7ca
702 1 _aСнессорева
_bС. И.
_f1815-1904
_gСофия Ивановна
_3RU\NLR\AUTH\77116464
_4730
_7ca
801 0 _aRU
_bNLR
_gpsbo
801 0 _aRU
_bRuMoRGB
_2psbo
801 1 _aRU
_bProSoft-M
_2rusmarc
801 2 _aRU
_bNLR
_c20161007
_2rusmarc
852 _aNLR
_j18.40.7.13
899 _aRuMoRGB
_jE 105/269
899 _aБАН
942 _cBOOK
980 _aNB